000 00369 a2200121 4500
001 ART_12544
005 20260410161907.0
008 260409a
245 1 0 _aMFN tariff reductions and LDC benefits under the GSP
100 1 _aBaldwin, Robert E.
700 1 _aMurray, T.
773 0 _tThe Economic Journal
_g- Vol. 87, NÂș 345 (mar. 1977)
_wREV12512
999 _c26439
_d26439